| 000 | 01056nam a22002657a 4500 | ||
|---|---|---|---|
| 001 | 4549 | ||
| 003 | FISKH | ||
| 005 | 20240918113840.0 | ||
| 008 | 240916b cb ||||| |||| 00| 0 eng d | ||
| 020 | _a0380710404 | ||
| 040 |
_aFISKH _beng _cFISKH _dFISKH |
||
| 050 | _aPZ7.R2737 | ||
| 082 | _2823.914 | ||
| 100 |
_aBanks, Reid Lynne _d(1929–2024) |
||
| 245 |
_aThe secret of the indian / _cLynne Reid Banks Illustrated by Ted Lewin |
||
| 250 | _aFirst printing in 1990 | ||
| 260 |
_aNew York : _bAvon Books, _c1990. |
||
| 300 |
_a147 pages : _billustrations ; _c20cm |
||
| 520 | _aIn this third book about Omri and his magic cupboard, Omri and his friend Patrick must risk grownups' discovering their secret when they find themselves in need of a friend's toy plastic doctors to save wounded people from the dangerous world of the Old West which the cupboard enables them to enter. | ||
| 650 |
_2Fiction _aFantasy _vNative Americans |
||
| 650 |
_2Time travel _aAdventure |
||
| 700 |
_aLewin, Ted _dIllustrated |
||
| 942 |
_2ddc _cBK _n0 |
||
| 999 |
_c4549 _d4549 |
||